Administración hardware de un sistema informático
Salvato in:
| Autore principale: | |
|---|---|
| Altri autori: | |
| Natura: | Sconosciuto |
| Lingua: | inglese |
| Pubblicazione: |
Madrid, España.
Ra-Ma,
2014
|
| Soggetti: | |
| Tags: |
Aggiungi Tag
Nessun Tag, puoi essere il primo ad aggiungerne!!
|
MARC
| LEADER | 00000 a2200000 4500 | ||
|---|---|---|---|
| 003 | CL-VaPUC | ||
| 005 | 20211203114745.0 | ||
| 008 | 211115b2014 ||||| |||| 00| 0 eng d | ||
| 999 | |c 434072 |d 434070 | ||
| 020 | |a 978-84-9964-257-4 | ||
| 040 | |c Pontificia Universidad Católica de Valparaíso | ||
| 082 | |a 004 MON 2014 | ||
| 100 | 1 | |a Moreno Pérez, Juan Carlos |9 864433 |e autor | |
| 245 | 1 | |a Administración hardware de un sistema informático | |
| 260 | |a Madrid, España. |b Ra-Ma, |c 2014 | ||
| 300 | |a 199 páginas | ||
| 583 | |k Cristina María Rojas Aguilar |c 20211115 | ||
| 650 | 0 | |a Computadoras |9 351108 | |
| 650 | 0 | |a Sistema informático |9 715173 |x Componentes | |
| 700 | |a Ramos Pérez, Arturo Francisco |9 864542 |e autor | ||
| 942 | |2 ddc |c BK | ||
| 952 | |0 0 |1 0 |2 ddc |4 0 |6 004_000000000000000_MON_2014 |7 0 |8 A |9 579308 |a BIBING |b BIBING |d 2021-11-15 |e 15 |g 43287.00 |i 5626579 |o 004 MON 2014 |p 5626579 |r 2024-01-25 |t 1 |v 43287.00 |w 2021-11-15 |y BK |k CCI | ||